| 000 | 00377nam a2200109Ia 4500 | ||
|---|---|---|---|
| 008 | 171211s9999 xx 000 0 und d | ||
| 245 | _aLiterature, Life, and Modernity (Columbia Themes in Philosophy, Social Criticism, and the Arts) | ||
| 245 | _cRichard Eldridge | ||
| 260 | _c2008 | ||
| 650 | _xFamily and Friendship | ||
| 856 | _uhttp://down.ebook777.com/065/9780231144544.pdf | ||
| 999 |
_c350269 _d350269 |
||